Ta bên Người, Người tỏa sáng trong ta
Giới thiệu những tư liệu về phong cách, lối sống, tri thức... của Bác Hồ qua những câu chuyện chân thực, cảm động của những nhân chứng lịch sử.
Guardado en:
| Autor principal: | |
|---|---|
| Otros Autores: | |
| Formato: | Libro |
| Lenguaje: | Undetermined |
| Publicado: |
H.
Thanh niên
2005
|
| Materias: | |
| Acceso en línea: | http://lrc.tdmu.edu.vn/opac/search/detail.asp?aID=2&ID=16507 |
| Etiquetas: |
Agregar Etiqueta
Sin Etiquetas, Sea el primero en etiquetar este registro!
|
| Thư viện lưu trữ: | Trung tâm Học liệu Trường Đại học Thủ Dầu Một |
|---|
| LEADER | 00986nam a2200217Ia 4500 | ||
|---|---|---|---|
| 001 | TDMU_16507 | ||
| 008 | 210410s9999 xx 000 0 und d | ||
| 082 | |a 895.922803 | ||
| 090 | |b NG527 | ||
| 100 | |a Nguyễn, Sông Lam | ||
| 245 | 0 | |a Ta bên Người, Người tỏa sáng trong ta | |
| 245 | 0 | |c Nguyễn Sông Lam tuyển chọn | |
| 260 | |a H. | ||
| 260 | |b Thanh niên | ||
| 260 | |c 2005 | ||
| 300 | |a 223 tr. | ||
| 520 | |a Giới thiệu những tư liệu về phong cách, lối sống, tri thức... của Bác Hồ qua những câu chuyện chân thực, cảm động của những nhân chứng lịch sử. | ||
| 650 | |a Hồ Chí Minh |x Chuyện kể; Văn học Việt Nam |x Hồi ký; Hồ Chí Minh |d (1890-1969) | ||
| 700 | |a Nhiều tác giả | ||
| 856 | |u http://lrc.tdmu.edu.vn/opac/search/detail.asp?aID=2&ID=16507 | ||
| 980 | |a Trung tâm Học liệu Trường Đại học Thủ Dầu Một | ||